Doanh Nhân Sài Gòn

Shranjeno v:
Bibliografske podrobnosti
Format: Serijska publikacija
Jezik:Vietnamese
Oznake: Označite
Brez oznak, prvi označite!
Thư viện lưu trữ: Trung tâm Học liệu Lê Vũ Hùng, Trường Đại học Đồng Tháp
LEADER 00325nas a22001098a 4500
001 00042601
005 20181009091008.0
008 181009s########-vm#################vie|d
245 # # |a Doanh Nhân Sài Gòn 
910 # # |b ndquang  |d 09/10/2018 
980 # # |a Trung tâm Học liệu Lê Vũ Hùng, Trường Đại học Đồng Tháp